Statystyki dla Najpopularniejsze polskie serwery w Minecraft

Kliknij tutaj aby rozwiązać quiz!

Ogólne statystyki

  • Ten quiz został rozwiązany 46 razy
  • Średni wynik to 3 z 7

Statystyki odpowiedzi

Serwer% Poprawnych
Kokscraft
82%
Rapy
56%
Craftplay
44%
Craftcube
32%
Acmc
26%
Mineplay
21%
Mchub
3%

Rozkład punktacji

Percentyl według liczby udzielonych odpowiedzi

Procent ludzi z każdym wynikiem

Twoja historia wyników

Nie rozwiązałeś tego quizu